000 01227nam a2200361 a 4500
001 24613
003 CO-ViMGA
005 20230915232010.0
008 141112s2004 ck r 000 u spa d
015 _ack - 2005 - xxxx
020 _a9789586485524
035 _aAJA7405 LA
040 _aCO-ViMGA
_bspa
_cCO-ViMGA
041 _aspa
082 0 4 _a658.8 C37p
100 1 _aCéspedes Sáenz, Alberto.
_936654
240 _aBogotá - Bibliografía regional
245 1 0 _aPrincipios de mercadeo /
_cAlberto Céspedes Sáenz.
250 _a5a. ed.
260 _aBogotá :
_bEcoe Ediciones
300 _axxii, 488 p. : il. ; 24 cm.
490 _aTextos universitarios. Economía
500 _aIncluye apéndices : Glosario.
504 _aIncluye bibliografía.
650 1 4 _aComportamiento del consumidor
_926106
650 1 4 _aMercadeo
_9559
650 1 4 _aMercadeo - Investigaciónes
650 1 4 _aPlanificacion de mercadeo
_936655
650 1 4 _aPrecios
650 1 4 _aSegmentación del mercado
_99816
942 _2ddc
_cBK
999 _c32431
_d32431